000
00335nam a2200133Ia 4500
008
240624s9999 xx 000 0 und d
041
_a
eng
082
_a
658.4033 PAY
100
_a
PAYNE GEOFF
245
_a
TEACHING QUANTITATIVE METHODS GETTING TH
260
_c
2011
_a
London
_b
Sage
300
_a
xii, 187 p.; 23 cm.
365
_c
_b
35
999
_c
31522
_d
31522